00478nam a2200193 a 4500001001300000003000900013005001700022008004100039020001000080082001600090100002000106245001800126260003200144300000900176500003500185505001700220650002700237700002000264nice12345678IN_TiNIC20260116015151.0050524s1954 lona grp 000 0 eng  ac10000a248.22bGRI aGriffiths, Bede aGolden String aLondonbHarvill Pressc1954 a168p aincludes index and biblioraphy2 aBibliography aMysticism-Christianity1 aGriffiths, Bede